Pět pohledů na svět managementu
Odpovede významných nemeckých poradcov Bergera, R., Habbela R., Hamiltona A., Herpa T., Heuskela D. a Klugeho J. na kľúčové otázky týkajúce sa nových manažérskych teórií a metód. Historický pohľad na manažérske teórie, metódy a filozofiu.
Salvato in:
| Autore principale: | |
|---|---|
| Natura: | Capitolo di libro |
| Lingua: | ceco |
| Soggetti: | |
| Tags: |
Nessun Tag, puoi essere il primo ad aggiungerne!!
|
MARC
| LEADER | 00000naa a2200000 4500 | ||
|---|---|---|---|
| 001 | r047116 | ||
| 005 | 20231002104112.8 | ||
| 041 | 0 | |a cze | |
| 044 | |a CZ | ||
| 245 | 1 | 0 | |a Pět pohledů na svět managementu |c J. Kluge |
| 520 | |a Odpovede významných nemeckých poradcov Bergera, R., Habbela R., Hamiltona A., Herpa T., Heuskela D. a Klugeho J. na kľúčové otázky týkajúce sa nových manažérskych teórií a metód. Historický pohľad na manažérske teórie, metódy a filozofiu. | ||
| 610 | 2 | 0 | |a manažment |
| 610 | 2 | 0 | |a teórie ekonomické |
| 610 | 2 | 0 | |a manažéri |
| 610 | 2 | 0 | |a podnikanie |
| 610 | 2 | 0 | |a politika podnikania |
| 610 | 2 | 0 | |a konkurencia |
| 100 | 1 | |a Kluge, J. | |